000 00450nam a2200157 i 4500
001 26332
003 ES-MaACL
005 20230906153426.0
007 t|
008 030108s1902 fr ||||1| fre d
100 1 _aArthus, Maurice.
_923462
245 1 0 _aEléments de Physiologique /
_cpar Maurice Arthus.
260 _aParís :
_bMasson et Cie,
_c1902 (
_eCoulommiers :
_fP. Brodard)
300 _aXII, 874 p. ;
_c17 cm.
852 _aES-MaACL
_jD-2465
999 _c26332
_d26332